2023 NHL Playoffs Bracket - Statistics

General Stats
  • This quiz has been taken 351 times
  • The average score is 28 of 30
Answer Stats
Answer % Correct
Florida Panthers
98%
Florida Panthers
98%
Florida Panthers
98%
Florida Panthers
98%
Dallas Stars
96%
Dallas Stars
96%
Dallas Stars
96%
Vegas Golden Knights
96%
Vegas Golden Knights
96%
Vegas Golden Knights
96%
Vegas Golden Knights
96%
Edmonton Oilers
95%
Edmonton Oilers
95%
Toronto Maple Leafs
95%
Toronto Maple Leafs
95%
New York Rangers
94%
Boston Bruins
93%
Carolina Hurricanes
93%
Carolina Hurricanes
93%
Carolina Hurricanes
93%
Colorado Avalanche
93%
Tampa Bay Lightning
93%
Los Angeles Kings
92%
New York Islanders
90%
Winnipeg Jets
90%
Minnesota Wild
85%
New Jersey Devils
82%
New Jersey Devils
82%
Seattle Kraken
76%
Seattle Kraken
76%
No matching quizzes found
Score Distribution
Percent of People with Each Score
Percentile by Number Answered
Your Score History
You have not taken this quiz